Nuevo teatro crítico : enero, 1891 /

Salvato in:
Dettagli Bibliografici
Autore principale: Pardo Bazán, Emilia (autor)
Natura: Libro
Lingua:spagnolo
Pubblicazione: Madrid, España : La España, 1891
Soggetti:
Tags: Aggiungi Tag
Nessun Tag, puoi essere il primo ad aggiungerne!!

MARC

LEADER 00000nam^a2200000^a^4500
001 000152752
005 20250526000000.0
009 20260310100255.427
037 |a Acervo ITESO - Biblioteca 
041 |a ESP 
082 |a 868.  |b PAR 1891 V. 1 
100 |a Pardo Bazán, Emilia  |e (autor) 
240 1 1 |a [Nuevo teatro crítico] 
245 1 0 |a Nuevo teatro crítico :  |b enero, 1891 /  |c E. Pardo Bazán. 
264 1 |a Madrid, España :  |b La España,  |c 1891 
300 |a 1 v. (varias paginaciones);  |c 19.5 cm. 
336 |a texto  |b txt  |2 rdacontenido 
337 |a sin mediación  |b n  |2 rdamedio 
338 |a volumen  |b nc  |2 rdasoporte 
649 |a XX 
650 |a Literatura -  |x Publicaciones Periódicas 
650 |a Escritores -  |x Biografías 
650 |a Cuentos 
650 |a Teatro -  |x Historia y Crítica 
650 |a Literatura -  |x Historia y Crítica 
650 |a Publicaciones Periódicas Españolas 
910 |a Fondo Salvador Reynoso Reynoso 
920 |a Impresos - Libros 
930 |a Libros Antiguos y Raros 
940 |a Literatura 
905 |a 108 
901 |a 0800016086  |b IT2  |c LRA  |u 20250526 
902 |a https://opac.biblio.iteso.mx/vufind/Record/000152752